Candidats à l’élection présidentielle 2022 en images - Statistiques

Statistiques générales
  • Ce quiz a été pris 176 fois
  • Le résultat moyen est 11 sur 12
Statistiques - réponses
Par images Réponse % Correct
Emmanuel Macron
100%
Marine Le Pen
100%
Valérie Pécresse
100%
Anne Hidalgo
99%
Éric Zemmour
99%
Jean-Luc Mélenchon
99%
Jean Lassalle
96%
Philippe Poutou
93%
Nicolas Dupont-Aignan
87%
Fabien Roussel
86%
Nathalie Arthaud
85%
Yannick Jadot
79%
Aucun quiz correspondant
Distribution des résultats
% des personnes avec chaque résultat
Percentile par nombre de réponses
Votre historique - résultats
Vous n’avez pas pris ce quiz